000 00294nam a2200109Ia 4500
008 200302s9999 xx 000 0 und d
100 _aJudith Miller's
245 _aColor Period & Regional Style from Around the World
260 _bClarkson Potter/ Publisher
260 _c2000
300 _a240 P.,
999 _c1221
_d1221